00896cam a22002651a 4500001001300000003000400013005001700017008004100034010001700075025002000092035002000112040002400132042001200156050001500168100004900183245006300232260014500295300003000440500004400470500001800514520002600532650003200558740002300590999001700613sa 66000126 DLC20260227112212.0900123s1964 ii c 000 0 malr  asa 66000126  aPL480:I-Mal-689 a(OCoLC)20945179 aDLCcWaUdICRLdDLC apremarc00aBD450b.R31 aRāmamēnōn, Puttēl̲attu,d1889-1973.10aĀrāṇīmanuṣyan /cPuttēl̲attu Rāmamēnōn. aKōṭṭayaṃ :bSāhityapr̲avarttaka Sahakaraṇasaṃkhaṃ :bVitaraṇaṃ, [Sales Dept.] :bNāṣanal Bukkst̲t̲āḷ,c[1964] a228 p. :bport. ;c18 cm. aTitle on added t.p.: Araanee manushyan. aIn Malayalam. aPhilosophical essays. 0aPhilosophical anthropology.0 aAraanee manushyan. c67046d67046